00261 a2200121 4500001000700000020000600007040001100013100000600024240004700030245004200077362000900119440001100128167579 a  cMagnum a-10aRegras oficiais de futsal - 1999-2000lpor10aRegras oficiais de futsal - 1999-20000 a1899 1aSprint